| 000 | 00404nam a2200145 a 4500 | ||
|---|---|---|---|
| 001 | 5088 | ||
| 003 | CDMR | ||
| 005 | 20130319190441.0 | ||
| 008 | 130130s1985||||||||||||||||||||||||||||d | ||
| 040 |
_aCDMR _bcat _cCDMR |
||
| 110 | 2 |
_9385 _aFUNDESCO |
|
| 245 | 3 |
_aLa sociedad de la información _b: estudio prospectivo de retos para la España de los años 90 |
|
| 260 |
_aMadrid _c1985 _bTecnos |
||
| 942 |
_cMON _2udc |
||
| 999 |
_c5088 _d5088 |
||